00382pab a2200145 454500008004000000100001900040245005300059260000900112300001400121362000800135650002400143650001500167700002100182773003300203180718b2005 xxu||||| |||| 00| 0 eng d aYou, Jong-Sung aA comparative study of inequality and corruption c2005 ap.136-57. aFeb aIncome distribution aCorruption aKhagram, Sanjeev aAmerican Sociological Review